MARC

LEADER 00000nam1a2200000 4500
001 282492
005 20231101235513.0
035 |a (RuTPU)RU\TPU\book\306398 
090 |a 282492 
100 |a 20150130d1984 k y0rusy5003 ca 
101 0 |a rus 
200 1 |a Повышение эффективности использования машин в строительстве  |e межвузовский тематический сборник трудов  |f Ленинградский инженерно-строительный институт (ЛИСИ) 
210 |a Ленинград  |c Изд-во ЛИСИ  |d 1984 
215 |a 146 с.  |c ил. 
320 |a Библиогр. в конце ст. 
606 1 |a Строительные машины  |x Использование  |x Экономическая эффективность  |2 stltpush  |3 (RuTPU)RU\TPU\subj\57590  |9 75448 
610 1 |a фрезерные машины 
610 1 |a рабочие органы 
610 1 |a нагрузки 
610 1 |a колебательные системы 
610 1 |a динамика 
610 1 |a детали 
610 1 |a восстановление 
610 1 |a оптимальные технологические режимы 
610 1 |a траншейные экскаваторы 
610 1 |a двигатели 
610 1 |a мощность 
610 1 |a бетонные трубы 
610 1 |a изготовление 
675 |a 69.002.51.003.13  |z rus  |v 4 
712 0 2 |a Ленинградский инженерно-строительный институт (ЛИСИ)  |c (1941-1992)  |2 stltpush  |3 (RuTPU)RU\TPU\col\7808 
801 0 |a RU  |b RuMRKP  |c 19950704  |g psbo 
801 1 |a RU  |b 63413507  |c 20150130 
801 2 |a RU  |b 63413507  |c 20170718  |g RCR 
942 |c BK